A survey of current cost estimating practices in the UK (Record no. 62335)

MARC details
000 -LEADER
fixed length control field 00998cam a2200241 4500
001 - CONTROL NUMBER
control field ABS61762
008 - FIXED-LENGTH DATA ELEMENTS--GENERAL INFORMATION
fixed length control field 000000n2000 000 0 eng u
035 ## - SYSTEM CONTROL NUMBER
System control number (Sirsi) u103804
100 ## - MAIN ENTRY--PERSONAL NAME
Personal name Akintoye, A.
245 #2 - TITLE STATEMENT
Title A survey of current cost estimating practices in the UK
260 ## - PUBLICATION, DISTRIBUTION, ETC.
Date of publication, distribution, etc. 2000
490 ## - SERIES STATEMENT
Series statement Construction Management and Economics
Volume/sequential designation (18) January 2000, 161-172(12)
520 ## - SUMMARY, ETC.
Summary, etc. Discusses the results of a survey into the cost estimating practices of contractors for construction projects. The survey indicates that contractors continue to undertake cost estimating mainly for construction planning purposes. It also shows that recent developments in cost estimating methods and tools have not yet been adopted.
590 ## - LOCAL NOTE (RLIN)
Local note ABS
650 ## - SUBJECT ADDED ENTRY--TOPICAL TERM
Topical term or geographic name entry element COST ESTIMATING
650 ## - SUBJECT ADDED ENTRY--TOPICAL TERM
Topical term or geographic name entry element CONTRACTORS
650 ## - SUBJECT ADDED ENTRY--TOPICAL TERM
Topical term or geographic name entry element BILLS OF QUANTITIES
650 ## - SUBJECT ADDED ENTRY--TOPICAL TERM
Topical term or geographic name entry element CONSTRUCTION PROJECTS
650 ## - SUBJECT ADDED ENTRY--TOPICAL TERM
Topical term or geographic name entry element TENDERING
690 ## - LOCAL SUBJECT ADDED ENTRY--TOPICAL TERM (OCLC, RLIN)
Topical term or geographic name as entry element BUILDING AND CONSTRUCTION-PROJECTS
700 ## - ADDED ENTRY--PERSONAL NAME
Personal name Fitzgerald, E.
942 ## - ADDED ENTRY ELEMENTS (KOHA)
Suppress in OPAC 0
Holdings
Withdrawn status Lost status Source of classification or shelving scheme Damaged status Not for loan Home library Current library Shelving location Date acquired Total Checkouts Full call number Barcode Date last seen Copy number Price effective from Koha item type
    Dewey Decimal Classification     London London Journal article 27/01/2000   ABS61762 103804-1001 06/08/2019 1 06/08/2019 Journal article